Provinces and Territories of Canada by Flag Map - Statistics

General Stats
  • This quiz has been taken 57 times
  • The average score is 12 of 13
Answer Stats
Picture Answer % Correct
Alberta
100%
Québec
100%
Ontario
97%
Manitoba
95%
Newfoundland and Labrador
92%
Nunavut
92%
Prince Edward Island
92%
British Columbia
90%
Northwest Territories
90%
Saskatchewan
90%
New Brunswick
87%
Nova Scotia
87%
Yukon
87%
No matching quizzes found
Score Distribution
Percent of People with Each Score
Percentile by Number Answered
Your Score History
You have not taken this quiz